Отчет Попечительского совета о состоянии Александровского технического железно-дорожного училища, учрежденного в г. Ельце тайным советником Самуилом Соломоновичем Поляковым... ... за 1909-1910 учебный год$90: ... за 1909-1910 учебный год (Запись № 3333202)

Подробности
000 -МАРКЕР
контрольное поле 01581nam2a22002291 4500
001 - ИДЕНТИФИКАТОР ЗАПИСИ
контрольное поле v19\rc\1214126
005 - ИДЕНТИФИКАТОР ВЕРСИИ
контрольное поле 20250617211027.0
035 ## - ДРУГИЕ СИСТЕМНЫЕ НОМЕРА
Идентификатор записи (NLR Aleph) 004357620
100 ## - ДАННЫЕ ОБЩЕЙ ОБРАБОТКИ
Данные общей обработки 20060306d1911 |||y0rusy50 ca
101 0# - ЯЗЫК РЕСУРСА
Язык текста, звукозаписи и т.д. русский
102 ## - СТРАНА ПУБЛИКАЦИИ ИЛИ ПРОИЗВОДСТВА
Страна публикации Российская Федерация
105 ## - ПОЛЕ КОДИРОВАННЫХ ДАННЫХ: ТЕКСТОВЫЕ МАТЕРИАЛЫ, МОНОГРАФИЧЕСКИЕ
Кодированные данные о монографическом текстовом документе y z |||||
200 0# - ЗАГЛАВИЕ И СВЕДЕНИЯ ОБ ОТВЕТСТВЕННОСТИ
Основное заглавие ... за 1909-1910 учебный год
Сведения, относящиеся к заглавию 41 г. по открытии Училища и 18 г. ...
Первые сведения об ответственности М. П. С. Первое техн. ж.-д. училище... в г. Ельце
210 ## - ПУБЛИКАЦИЯ, РАСПРОСТРАНЕНИЕ И ДР.
Дата издания, распространения и т.д. 1911
Место издания, распространения и т.д. Б. м.
215 ## - ФИЗИЧЕСКАЯ ХАРАКТЕРИСТИКА
Специфическое обозначение материала и объем 53 с.
461 #0 - УРОВЕНЬ НАБОРА
Встроенное поле 001v19\rc\1214090
-- 2001#$aОтчет Попечительского совета о состоянии Александровского технического железно-дорожного училища, учрежденного в г. Ельце тайным советником Самуилом Соломоновичем Поляковым...$v... за 1909-1910 учебный год$90
Системный номер (АБИС) связанной записи 3332732
Автор Александровское техн. ж.-д. уч-ще (Елец)
Место публикации Санкт-Петербург
Дата публикации 1870-1916
Заглавие Отчет Попечительского совета о состоянии Александровского технического железно-дорожного училища, учрежденного в г. Ельце тайным советником Самуилом Соломоновичем Поляковым...
Номер тома ... за 1909-1910 учебный год$90
801 #0 - ИСТОЧНИК ЗАПИСИ
Страна Российская Федерация
Организация NLR
Правила каталогизации psbo
801 #1 - ИСТОЧНИК ЗАПИСИ
Страна Российская Федерация
Организация ProSoft-M
Источник данных rusmarc
852 ## - МЕСТОНАХОЖДЕНИЕ И ШИФР ХРАНЕНИЯ
Идентификатор организации NLR
Шифр хранения (Call Number) 18.160.4.102
942 ## - ДОПОЛНИТЕЛЬНЫЕ ЭЛЕМЕНТЫ ЗАПИСИ (АБИС)
Тип экземпляра АБИС Книга
980 ## - КОЛЛЕКЦИЯ
Название коллекции Национальная библиография
Экземпляры
Тип экземпляра Дата поступления Библиотека постоянного хранения Библиотека текущего хранения Место хранения Шифр хранения Штрих-код Статус экземпляра
Книга 26.10.2013 РНБ (Садовая) РНБ (Садовая) Русский книжный фонд -Главное здание, Ленинский читальный зал 18.160.4.102 4357620-10